Murder in the Name of Honour : (رقم التسجيلة. 126284)

تفاصيل مارك
000 -الفاتح
عناصر البيانات ثابتة الطول 00635cam a2200205 i 4500
005 - تاريخ ووقت آخر معاملة
حقل ضبط 20260304124134.0
008 - عناصر البيانات ثابتة الطول
عناصر البيانات ثابتة الطول 250721s2009 ii gr 000 0 eng d
020 ## - الترقيم الدولي المعياري للكتب (ردمك)
الترقيم الدولي المعياري للكتب (ردمك) 9781851685240
082 14 - رقم تصنيف ديوي العشري
رقم التصنيف 813.0872
رقم المادة H U S
100 1# - مدخل رئيسي – اسم شخصي
الاسم الشخصي Husseini, Rana
علاقة الشخص بالعمل/ دوره Author.
245 10 - بيان العنوان
العنوان Murder in the Name of Honour :
بقية العنوان The True Story of One Woman’s Heroic Fight Aganist an Unbelievable Crime /
بيان المسؤولية Rana Husseini.
250 ## - بيان الطبعة
بيان الطبعة First Publised.
264 31 - بيانات النشر، التوزيع…إلخ
مكان النشر، التوزيع...إلخ New York :
اسم الناشر، الموزع...إلخ Mixed Sources,
تاريخ النشر، التوزيع...إلخ 2009.
300 ## - الوصف المادي
عدد الوحدات المكونة للوعاء 250 Pages.
650 17 - مدخل إضافي بالموضوع - مصطلح موضوعي
مصطلح موضوعي أو اسم جغرافي كعنصر مدخل MURDER.
650 17 - مدخل إضافي بالموضوع - مصطلح موضوعي
مصطلح موضوعي أو اسم جغرافي كعنصر مدخل JORDAN.
650 17 - مدخل إضافي بالموضوع - مصطلح موضوعي
مصطلح موضوعي أو اسم جغرافي كعنصر مدخل FICTION.
942 ## - بيانات إضافية (كوها)
نوع التنصيف Dewey Decimal Classification
نوع المادة (كوها) كتب
المقتنيات
حالة السحب حالة الفقدان مصدر التصنيف حالة التلف غير قابل للإعارة المكتبة الرئيسية المكتبة الحالية موقع الرف تاريخ التزويد رقم المخزون Total Checkouts رقم الإستدعاء الباركود تاريخ آخر ظهور تاريخ الفاتورة نوع المادة (كوها)
    Dewey Decimal Classification     المكتبة المركزية المكتبة المركزية الإعارة 28/07/2025 1541416   813.0872 / H U S PLD00262301 28/07/2025 28/07/2025 كتب
Implemented & Customized by: BBB with SCIT (Smart Chains for Information Technology)

Powered by Koha